Los programas de apoyo a la microempresa en el área metropolitana de San José durante la década de los noventa
Guardat en:
| Autor principal: | |
|---|---|
| Format: | Text |
| Publicat: |
San José:
La autora
|
| Matèries: | |
| Etiquetes: |
Afegir etiqueta
Sense etiquetes, Sigues el primer a etiquetar aquest registre!
|
MARC
| LEADER | 00000 a a2200000 04500 | ||
|---|---|---|---|
| 001 | 19222 | ||
| 003 | |||
| 040 | |||
| 090 | |a 145500 | ||
| 100 | |a Donato Monge, Elisa | ||
| 245 | |a Los programas de apoyo a la microempresa en el área metropolitana de San José durante la década de los noventa | ||
| 260 | |a San José: |b La autora | ||
| 300 | |a v, 271 p. | ||
| 300 | |b **no definido** | ||
| 500 | |a Contiene: Anexo Metodológico | ||
| 650 | |a CONDICIONES ECONOMICAS | ||
| 650 | |a AJUSTE ESTRUCTURAL | ||
| 650 | |a NIVEL DE VIDA | ||
| 650 | |a POBREZA | ||
| 650 | |a POLITICA SOCIAL | ||
| 650 | |a PEQUEÑAS EMPRESAS | ||
| 650 | |a CONDICIONES ECONOMICAS | ||
| 999 | |c 11633 |d 11633 | ||
